| 000 | 00351nam a2200109Ia 4500 | ||
|---|---|---|---|
| 008 | 200302s9999 xx 000 0 und d | ||
| 100 | _aRobert A heller and Deborah J Oakley | ||
| 245 | _aSalvadori's structure in architecture the abuilding of buildings 4th ed. | ||
| 260 | _bPearson India Education Services Pvt., Ltd., | ||
| 260 | _c2017 | ||
| 300 | _a228 | ||
| 999 |
_c6336 _d6336 |
||